Normal view MARC view
  • Abastecimiento de agua

Entry Materia

Number of records used in: 15

001 - NÚMERO DE CONTROL DEL REGISTRO

  • campo de control: 2212

003 - IDENTIFICADOR DE NUMERO DE CONTROL

  • campo de control: MX-MxUPN

005 - FECHA Y HORA DE LA ÚLTIMA TRANSACCIÓN

  • campo de control: 20240611092620.0

008 - DATOS DE LONGITUD FIJA

  • campo de control de longitud fija: 240611n||acnnnbabn | a|a |d

035 ## - NÚMERO DE CONTROL DEL SISTEMA

  • Número de control del sistema: UPN10000002212

040 ## - FUENTE DE LA CATALOGACIÓN

  • Lengua de catalogación: spa
  • Agencia de transcripción: MX-MxUPN
  • Centro catalogador de origen: MX-MxUPN

150 ## - ENCABEZAMIENTO - TEMÁTICO

  • Término de materia o nombre geográfico como elemento inicial: Abastecimiento de agua

360 ## - REFERENCIA COMPLEJA DE VÉASE ADEMÁS - MATERIA

  • Texto explicativo: Véase también subdivisión de
  • Encabezamiento al que se remite: Abastecimiento de agua
  • Texto explicativo: bajo nombres de ciudades y encabezamientos temáticos, ejemplo:
  • Encabezamiento al que se remite: Barcos- Abastecimiento de agua ; Calderas - Abastecimiento de agua ; Ferrocarriles - Abastecimiento de agua ; Fuego - Extinción - Abastecimiento de agua

450 ## - VÉASE - MATERIA

  • Encabezamiento temático: Agua
  • Subdivisión temática general: Abastecimiento

670 ## - FUENTE EN LA QUE SE LOCALIZARON DATOS

  • Cita de la fuente: LEMB, 1998 :
  • Información localizada: página 1 (Abastecimiento de agua)

680 ## - NOTA GENERAL CON DESPLIEGUE PÚBLICO

  • Texto explicativo: Aquí se asientan las obras sobre investigaciones de los recursos del agua de una región, tanto superficiales como subterráneos, principalmente con referencia al abastecimiento de agua para usos domésticos e industriales o para la agricultura.

902 ## - CATALOGADOR

  • Catalogador: MEEG/160596
  • Catalogador: MaríaRobles/110624